000 01488nam0a2200337 4500
001 RU\NLR\BIBL_A\011470371
005 20240921161021.0
010 _a9785171040871
_92000
021 _aRU
_b2017-60967
_94319
035 _a(RuMoRGB)009000848
035 _a(NLR Aleph) 011470371
090 _a11851655
_c11851655
100 _a20170912d2017 u y0rusy50 ca
101 0 _arus
102 _aRU
105 _aach|z|||010zy
200 1 _aЯ поведу тебя в музей
_eистории, рассказанные музейщиками России
_eк 60-летию Российского комитета Международного Совета музеев
_e[сборник
_fредколлегия: Владимир Гуга и др.]
210 _aМосква
_cАСТ
_d2017
215 _a249, [5] с.
_cил., портр., факс.
_d20
225 1 _aНародная книга
333 _a12+
606 1 _aМузейные работники
_jВоспоминания, записки и т.п.
_yРоссийская Федерация
_92561138
_3RU\NLR\AUTH\661515018
606 1 _aМузейное дело
_jПопулярные издания
_yРоссийская Федерация
_92101895
_3RU\NLR\AUTH\661271114
686 _aЧ77я9
_2rubbk
686 1 _aЧ773(2Р)7-8
686 1 _aЧ774(2Р)я9
702 1 _aГуга
_bВ.
_gВладимир
_4340
942 _cBOOK
980 _aNBR